| 000 | 01554cam a2200301 a 4500 | ||
|---|---|---|---|
| 005 | 20170726020002.0 | ||
| 008 | 000607s2000 ck a r 00010 spa d | ||
| 040 |
_ala _cla _dCO-BoIAVH |
||
| 041 | 0 | _aspa | |
| 044 | _ack | ||
| 082 | 0 | 4 |
_a577.51 _bM89r |
| 100 | 1 |
_aMoscarella Varela, Javier, _d1957- |
|
| 245 | 1 | 3 |
_aLa revolución azul : _buna salida cultural para la Ciénaga Grande de Santa Marta, en la búsqueda de un modelo de ciencia generativa para los ecosistemas costeros colombianos / _cJavier Moscarella Varela, Carlos Pinilla González ; colaboración Mariela González Hawkins. |
| 260 |
_aBarranquilla : _bCentro de Estudios Regionales : _b Centro de Investigaciones en Desarrollo Humano, _c2000. |
||
| 300 |
_axi, 55 páginas : _bilustraciones, tablas ; _c23 x 17 cm. |
||
| 490 | 0 |
_aMonografías ; _v12 |
|
| 504 | _aIncluye bibliografía. | ||
| 650 | 6 |
_aPolución marina _z Ciénaga Grande de Santa Marta (Colombia) |
|
| 650 | 6 |
_aPolución del agua _z Ciénaga Grande de Santa Marta (Colombia) |
|
| 650 | 6 |
_aEcosistemas costeros _z Ciénaga Grande de Santa Marta (Colombia) |
|
| 650 | 6 |
_aAcuicultura _z Ciénaga Grande de Santa Marta (Colombia) |
|
| 650 | 6 |
_aMedio ambiente _z Ciénaga Grande de Santa Marta (Colombia) |
|
| 651 | _a Ciénaga Grande de Santa Marta (Colombia) | ||
| 651 |
_a Ciénaga Grande de Santa Marta (Colombia) _x Investigaciones. |
||
| 700 | 1 | _aPinilla González, Carlos. | |
| 700 | 1 | _aGonzález Hawkins, Mariela. | |
| 942 |
_2ddc _cLIBRO _02 |
||
| 999 |
_c1603 _d1603 |
||